[Event "45th FIDE Chess Olympiad Open"]
[Site "Budapest, Hungary"]
[Date "2024.09.13"]
[Round "3.159"]
[White "Ribera Veganzones, Serni"]
[Black "Mizzi, Jack"]
[Result "1-0"]
[WhiteElo "2309"]
[BlackElo "2053"]
[PlyCount "93"]
[EventDate "2024.??.??"]
[WhiteTeam "Andorra"]
[BlackTeam "Malta"]
[WhiteTeamCountry "AND"]
[BlackTeamCountry "MLT"]
[WhiteClock "0:31:16"]
[BlackClock "0:26:01"]

1. e4 e5 2. Nf3 Nc6 3. Bb5 a6 4. Ba4 d6 5. O-O Nge7 6. c3 Ng6 7. d4 Bd7 8. Be3 Be7 9. Nbd2 O-O 10. a3 ({RR} 10. d5 Nb8 11. Bc2 Qc8 12. c4 b6 13. b4 a5 14. a3 f5 15. exf5 Bxf5 16. Bxf5 Qxf5 17. Qb1 Nd7 18. Qxf5 Rxf5 19. Ne4 Nf4 20. Bxf4 Rxf4 21. Nfd2 Rff8 22. Nc3 Nf6 23. f3 Rfc8 24. Kf2 Ra6 {So,W (2765)-Durarbayli,V (2620) Chess.com INT 2019 ½-½ (55)}) ({RR} 10. h3 Kh8 11. dxe5 dxe5 12. Re1 Qe8 13. Bc2 Nd8 14. Nf1 Ne6 15. Ng3 Rd8 16. Qe2 Nef4 17. Qf1 Nh4 18. Nxh4 Bxh4 19. Rad1 Qe6 20. Nf5 Bb5 21. Bb3 Bxf1 22. Bxe6 Nxe6 23. Kxf1 Bf6 24. Ke2 h5 {Henderson,D (2067)-Bulford,M (2247) Harrogate ENG 2024 ½-½ (83)}) 10... exd4 $146 ({RR} 10... Bf6 11. b4 Qe8 12. Bc2 a5 13. d5 Nce7 14. c4 Nf4 15. g3 Nh3+ 16. Kg2 h6 17. c5 Ng5 18. Ng1 Qc8 19. Re1 Ng6 20. Nc4 axb4 21. Bxg5 Bxg5 22. axb4 Be7 23. cxd6 Bxd6 24. Qd2 Qd8 25. Nf3 {Neikirkh,O-Sliwa,B Gotha 1957 ½-½ (86)}) ({RR} 10... Kh8 11. Re1 exd4 12. cxd4 f5 13. exf5 Bxf5 14. Rc1 d5 15. Bxc6 bxc6 16. Rxc6 Bd6 17. Bg5 Qd7 18. Rc3 h6 19. Bh4 Rab8 20. b4 Bg4 21. Bg3 Nf4 22. Qc1 Qf5 23. Qc2 Qh5 24. Rce3 Ra8 25. Ne5 {Boleslavsky,I-Tarasov,V Moscow 1957 1-0 (38)}) ({RR} 10... Bf6 11. Bc2 Re8 12. Re1 Qe7 13. b4 Rad8 14. Bb3 Nb8 15. Rc1 Be6 16. d5 Bg4 17. h3 Bxf3 18. Nxf3 Nh4 19. c4 Nxf3+ 20. Qxf3 c5 21. Ba4 Rf8 22. bxc5 dxc5 23. Rb1 Qc7 24. Bd2 Rd6 25. Qb3 {Fichtl,J-Lendl,J Brno 1957 1-0 (40)}) 11. cxd4 d5 12. exd5 Nb8 13. Bb3 Bf5 14. Ne5 Bd6 15. Qf3 Qf6 16. Ndc4 Nxe5 17. dxe5 Bxe5 18. Nxe5 Qxe5 19. Bf4 Qxb2 20. Bxc7 Bg6 21. h4 Nd7 22. d6 Kh8 23. Bd5 Ne5 24. Qg3 f6 25. Rfd1 Bc2 26. Ra2 Qxa2 27. Bxa2 Bxd1 28. Bd5 Rae8 29. Bxb7 Ba4 30. Bxa6 Bd7 31. Bb7 f5 32. Qc3 f4 33. f3 Rf6 34. Bb6 Rxd6 35. Bd4 Rde6 36. Bd5 R6e7 37. Bc5 Rc8 38. Bb7 Rc7 39. Qa5 Rxb7 40. Bxe7 Nc6 41. Qc5 h6 42. Bd6 Rb1+ 43. Kh2 Rd1 44. Bxf4 Rd3 45. Be3 Rd1 46. a4 Kg8 47. a5 1-0

[Event "45th FIDE Chess Olympiad Open"]
[Site "Budapest, Hungary"]
[Date "2024.09.13"]
[Round "3.160"]
[White "Zerafa, Patrick"]
[Black "Ribera Veganzones, Josep Maria"]
[Result "1-0"]
[WhiteElo "1986"]
[BlackElo "2167"]
[PlyCount "91"]
[EventDate "2024.??.??"]
[WhiteTeam "Malta"]
[BlackTeam "Andorra"]
[WhiteTeamCountry "MLT"]
[BlackTeamCountry "AND"]
[WhiteClock "0:43:26"]
[BlackClock "0:21:59"]

1. Nf3 d5 2. e3 Nf6 3. c4 e6 4. b3 Bd6 5. Bb2 O-O 6. g3 b6 7. Bg2 Bb7 8. O-O Re8 9. Nc3 Nbd7 10. Rc1 a6 11. Qc2 Qe7 12. Ba1 $146 ({RR} 12. Rfd1 Rad8 13. cxd5 exd5 14. Nh4 g6 15. Nf3 Qf8 16. d3 Qh6 17. Re1 Re7 18. a3 Rde8 19. b4 Ne5 20. Nxe5 Bxe5 21. Nb1 Ng4 22. h3 Bxb2 23. Qxb2 Ne5 24. Qc2 Qh5 25. Nd2 Ba8 26. d4 Nc4 {Izoria,Z (2602)-Tang,A (2538) Chess.com INT 2020 1-0 (66)}) 12... Rac8 13. Rfe1 c5 14. d3 e5 15. Nh4 Qe6 16. e4 d4 17. Ne2 g6 18. Bb2 Bc6 19. Rf1 b5 20. Qd2 Rb8 21. h3 a5 22. f4 a4 23. f5 Qe7 24. Rf2 bxc4 25. bxc4 a3 26. Bxa3 Ra8 27. Bb2 Rxa2 28. Ra1 Rxa1+ 29. Bxa1 Nh5 30. Kh2 Ra8 31. Bb2 Bc7 32. Qh6 Ra2 33. fxg6 fxg6 34. Nxg6 Qd6 35. Ne7+ Qxe7 36. Qxc6 Rxb2 37. Qxc7 Rd2 38. Qc8+ Kg7 39. Bf3 Nhf6 40. g4 Rxd3 41. Ng3 Kg6 42. Nf5 Qe8 43. Qc6 Qb8 44. g5 Kxg5 45. h4+ Kg6 46. Qe6 1-0

[Event "45th FIDE Chess Olympiad Open"]
[Site "Budapest, Hungary"]
[Date "2024.09.13"]
[Round "3.161"]
[White "Ortega Amarelle, Mariano"]
[Black "Romanov, Evgeny"]
[Result "0-1"]
[WhiteElo "2453"]
[BlackElo "2567"]
[PlyCount "106"]
[EventDate "2024.??.??"]
[WhiteTeam "Cape Verde"]
[BlackTeam "North Macedonia"]
[WhiteClock "0:04:18"]
[BlackClock "0:07:55"]

1. d4 Nf6 2. c4 e6 3. Nc3 Bb4 4. Qc2 d6 5. e3 O-O 6. Bd3 c5 7. Nge2 Nc6 8. O-O Bxc3 ({RR} 8... cxd4 9. exd4 Bxc3 10. Qxc3 d5 11. c5 Ne4 12. Qe1 b6 13. f3 Nf6 14. b4 bxc5 15. dxc5 Ne5 16. Bc2 Ba6 17. a4 Nd3 18. Bxd3 Bxd3 19. Qd2 Bc4 20. Ba3 Qc7 21. Rfb1 Nd7 22. Nd4 Rfb8 23. c6 {Bok,B (2624)-So,W (2778) Chess.com INT 2022 1-0}) 9. Qxc3 b6 10. a3 a5 $146 ({RR} 10... Bb7 11. Rd1 Qc7 12. b3 Rac8 13. Qc2 Rfd8 14. Bb2 cxd4 15. exd4 d5 16. Rac1 h6 17. c5 bxc5 18. dxc5 Ne5 19. Nd4 Neg4 20. g3 Ba8 21. Qe2 Qb8 22. Ba6 e5 23. Nf5 d4 24. Bxc8 Rxc8 25. h3 {Asllani,D (2202)-Gatineau,Y (2375) Cala Gonone ITA 2022 1-0}) ({RR} 10... Bb7 11. b4 Qe7 12. Bb2 Rfd8 13. Rac1 Rac8 14. Rfd1 Nb8 15. Qb3 Nbd7 16. f3 Ba8 17. e4 d5 18. exd5 exd5 19. Ng3 Qe3+ 20. Kh1 Qf4 21. dxc5 bxc5 22. cxd5 cxb4 23. axb4 Bxd5 24. Qa3 Rxc1 25. Bxc1 {Karthik,V (2590)-Fischer,D (2372) Prishtina KOS 2024 1-0 (42)}) 11. b3 Ba6 12. Bb2 cxd4 13. Nxd4 Ne5 14. Bc2 Rc8 15. a4 Nd5 16. Qd2 Nb4 17. Rfc1 Qh4 18. f4 Ng4 19. Nf3 Qe7 20. e4 Bb7 21. Re1 e5 22. Rac1 Qc7 23. h3 Qc5+ 24. Kh1 Nxc2 25. Rxc2 Nf6 26. fxe5 Nxe4 27. Qd4 dxe5 28. Qxe5 Qxe5 29. Bxe5 Rfe8 30. Bd4 Re6 31. Kh2 Rd8 32. Rce2 h6 33. Bg1 f5 34. Nd4 Rf6 35. g4 g6 36. gxf5 gxf5 37. Rf1 f4 38. Rg2+ Ng3 39. Rxf4 Rxf4 40. Rxg3+ Kf7 41. Rg4 Rf1 42. Be3 h5 43. Rg5 h4 44. Rf5+ Rxf5 45. Nxf5 Bc8 46. Nd4 Kg6 47. Kg2 Re8 48. Bf2 Kh5 49. Kh2 Bb7 50. Kg1 Rg8+ 51. Kf1 Bg2+ 52. Ke1 Bxh3 53. Nf3 Re8+ 0-1

[Event "45th FIDE Chess Olympiad Open"]
[Site "Budapest, Hungary"]
[Date "2024.09.13"]
[Round "3.162"]
[White "Lazov, Toni"]
[Black "Alho, Diogo"]
[Result "1-0"]
[WhiteElo "2360"]
[BlackElo "2192"]
[PlyCount "119"]
[EventDate "2024.??.??"]
[WhiteTeam "North Macedonia"]
[BlackTeam "Cape Verde"]
[WhiteClock "0:04:59"]
[BlackClock "0:00:41"]

1. e4 e6 2. d4 d5 3. Nd2 Nc6 4. Ngf3 Nf6 5. e5 Nd7 6. Bd3 Nb4 7. Be2 c5 8. c3 Nc6 9. O-O g5 ({RR} 9... a5 10. a4 Be7 11. Re1 O-O 12. Bb5 f6 13. exf6 Nxf6 14. Nf1 Bd6 15. Ng3 Qc7 16. b3 Bd7 17. Ba3 b6 18. Ra2 Rae8 19. Rae2 Nd8 20. Bd3 Nf7 21. Ne5 c4 22. Bxd6 Nxd6 23. bxc4 dxc4 24. Bc2 {Navara,D (2722)-Zherebukh,Y (2590) Khanty-Mansiysk 2011 1-0 (40)}) 10. Nb3 h6 11. Ne1 $146 ({RR} 11. Be3 c4 12. Nbd2 b5 13. Ne1 Nb6 14. f4 Be7 15. Bh5 Rh7 16. Qf3 Kd7 17. f5 Kc7 18. f6 Bf8 19. b3 Bb7 20. a4 bxa4 21. bxa4 Na5 22. Nc2 Bc6 23. Nb4 Be8 24. Rfb1 Qc8 25. Qd1 Rb8 {Castellanos Villela,A (2175)-Kovalenko,I (2674) chess.com INT 2023 0-1 (42)}) 11... Qb6 12. Kh1 a5 13. a4 Be7 14. f4 c4 15. Nd2 Nf8 16. b3 cxb3 17. Nd3 Ng6 18. Nxb3 Qc7 19. Bh5 b6 20. Be3 Ba6 21. f5 exf5 22. Rxf5 Bc8 23. Rf2 Be6 24. Nbc1 Qd7 25. Rb1 Bd8 26. Ne2 Nce7 27. Ng3 Rc8 28. Bd2 Nf5 29. Nxf5 Bxf5 30. Rxf5 Qxf5 31. Bg4 Qxd3 32. Bxc8 Nh4 33. Rb2 O-O 34. Kg1 Bc7 35. Bb7 Qe4 36. Be1 Rd8 37. Qe2 Qxe2 38. Rxe2 Ng6 39. g3 Ne7 40. Rf2 Kg7 41. Rf6 Rd7 42. Ba6 Ng8 43. Rf2 Bd8 44. Kg2 Rc7 45. Kf3 f6 46. Kg4 fxe5 47. dxe5 Re7 48. Re2 Bc7 49. Kf5 Rd7 50. Bf2 Rd8 51. Bd4 Ne7+ 52. Ke6 Ng6 53. Bb5 h5 54. Rf2 Nf8+ 55. Kf5 Kh6 56. Be3 Nh7 57. Ke6 Bb8 58. Bxb6 Rg8 59. Kxd5 Rc8 60. e6 1-0

[Event "45th FIDE Chess Olympiad Open"]
[Site "Budapest, Hungary"]
[Date "2024.09.13"]
[Round "3.163"]
[White "Mirulla, David"]
[Black "Risteski, Emil"]
[Result "0-1"]
[WhiteElo "1904"]
[BlackElo "2367"]
[PlyCount "54"]
[EventDate "2024.??.??"]
[WhiteTeam "Cape Verde"]
[BlackTeam "North Macedonia"]
[WhiteClock "0:03:25"]
[BlackClock "1:03:44"]

1. e4 c5 2. Nf3 Nc6 3. d4 cxd4 4. Nxd4 Nf6 5. Nc3 d6 6. f3 e5 7. Ndb5 a6 8. Na3 b5 9. Nd5 Nxd5 10. Qxd5 ({RR} 10. exd5 Ne7 11. c4 Bb7 12. b3 Nf5 13. g3 bxc4 14. bxc4 Be7 15. Bd3 Nd4 16. Nc2 Nxc2+ 17. Qxc2 g6 18. Rb1 Bc8 19. O-O O-O 20. Be3 Bg5 21. f4 exf4 22. Bxf4 Bh3 23. Rf2 Bf6 24. Kh1 Bd4 {Balla,T (2356)-Bykhovsky,A (2496) Chess.com INT 2020 1-0 (66)}) 10... Qb6 ({RR} 10... Qc7 11. c4 Be6 12. Qd2 b4 13. Nc2 Rb8 14. b3 g6 15. Bb2 h5 16. Rd1 Be7 17. Ne3 a5 18. Nd5 Bxd5 19. cxd5 Nd8 20. f4 f6 21. Be2 Nf7 22. g4 hxg4 23. Bxg4 Rh4 24. Qg2 Qc5 25. Qg3 {Keleberda,T (2222)-Zaksaite,S (2210) chess.com INT 2024 0-1 (52)}) 11. c4 Be6 12. Qd3 Be7 $146 ({RR} 12... b4 13. Nc2 a5 14. Be3 Qb7 15. Be2 Be7 16. O-O O-O 17. Bf2 Rac8 18. Rfd1 Rfd8 19. Ne3 Nd4 20. Bf1 Bg5 21. Nd5 Nc6 22. b3 Ne7 23. Nb6 Rc6 24. Nd5 Ng6 25. g3 Rb8 26. a3 Bxd5 27. Qxd5 {Klemke,K (1371)-Wagner,M (1519) Germany 2018 1-0 (38)}) 13. cxb5 Nd4 14. bxa6 O-O 15. Nb5 d5 16. Nxd4 exd4 17. e5 f6 18. exf6 Bxf6 19. Be2 Bf5 20. Qb5 Qe6 21. Kf2 Rfb8 22. Qa5 d3 23. Bd1 Rxa6 24. Qe1 Bd4+ 25. Kf1 Qxe1+ 26. Kxe1 Re6+ 27. Kd2 Be3+ 0-1

[Event "45th FIDE Chess Olympiad Open"]
[Site "Budapest, Hungary"]
[Date "2024.09.13"]
[Round "3.164"]
[White "Zlatkov, Anton"]
[Black "Barros, Luis"]
[Result "1-0"]
[WhiteElo "2346"]
[BlackElo "1814"]
[PlyCount "65"]
[EventDate "2024.??.??"]
[WhiteTeam "North Macedonia"]
[BlackTeam "Cape Verde"]
[WhiteClock "0:27:39"]
[BlackClock "0:30:38"]

1. e4 c5 2. Nf3 e6 3. d4 cxd4 4. Nxd4 a6 5. Bd3 Qc7 6. Qe2 d6 7. O-O Nf6 8. c4 Nbd7 9. b3 Be7 10. Bb2 Nc5 ({RR} 10... b6 11. Nc3 Bb7 12. Kh1 O-O 13. f4 Rac8 14. Rae1 Ne8 15. e5 g6 16. Ba3 Nc5 17. Bc2 Ng7 18. Ne4 Nxe4 19. Bxe4 Bxe4 20. exd6 Bxd6 21. Bxd6 Bxg2+ 22. Kxg2 Qxd6 23. Qe4 Rfd8 24. Rd1 Qc5 25. Nc6 {Tregubenko,N (2023)-Samaganova,A (1948) Almaty KAZ 2024 1-0 (51)}) 11. Bc2 b6 12. Nc3 O-O 13. f4 $146 ({RR} 13. Rad1 Re8 14. f4 Ncd7 15. Kh1 Bb7 16. Rde1 Rad8 17. Nf3 Nf8 18. Rd1 Ng6 19. Nd4 Bf8 20. Bb1 Qb8 21. Bc1 Qa8 22. Rfe1 d5 23. cxd5 exd5 24. e5 Bb4 25. Bd2 Bc5 26. Be3 Ne4 27. Nxe4 dxe4 {Smirnov,I (2331)-Nazarevich,V (2305) Simferopol 2001 0-1 (68)}) 13... Bb7 14. f5 Rae8 15. b4 e5 16. Nf3 Ncd7 17. Bd3 Nb8 18. Rac1 Bd8 19. a4 Qe7 20. Nd5 Nxd5 21. cxd5 Bxd5 22. exd5 e4 23. f6 gxf6 24. Nh4 f5 25. Nxf5 Qg5 26. Bxe4 Nd7 27. Rc3 Qg6 28. Rg3 Bg5 29. h4 f6 30. h5 Rxe4 31. Qxe4 Re8 32. Qf3 Qf7 33. Nh6+ 1-0

[Event "45th FIDE Chess Olympiad Open"]
[Site "Budapest, Hungary"]
[Date "2024.09.13"]
[Round "3.165"]
[White "Mohammad Fahad, Rahman"]
[Black "Michaelides, Konstantinos"]
[Result "1-0"]
[WhiteElo "2419"]
[BlackElo "2297"]
[PlyCount "77"]
[EventDate "2024.??.??"]
[WhiteTeam "Bangladesh"]
[BlackTeam "Cyprus"]
[WhiteTeamCountry "BAN"]
[BlackTeamCountry "CYP"]
[WhiteClock "0:04:01"]
[BlackClock "0:00:32"]

1. e4 e5 2. Nf3 Nc6 3. Bc4 Nf6 4. d3 h6 5. c3 d6 6. a4 g6 7. a5 a6 8. Qb3 Qe7 9. O-O Bg7 10. Re1 O-O 11. Nbd2 Kh8 12. d4 Nh7 $146 ({RR} 12... Nd7 13. d5 Nd8 14. Qc2 f5 15. exf5 gxf5 16. Nd4 Qf6 17. Ne2 e4 18. Nf4 Ne5 19. Nh5 Qg6 20. Nxg7 Qxg7 21. Bf1 Ndf7 22. Nc4 Nf3+ 23. Kh1 Nxe1 24. Qe2 Nd3 25. Be3 Kh7 26. f4 Bd7 27. Bd4 {Bochnicka,V (2343)-Fiorito,J (2403) chess.com INT 2024 0-1}) ({RR} 12... Nh5 13. dxe5 dxe5 14. Nf1 Bg4 15. N3d2 Qc5 16. Ne3 Bd7 17. Qa2 f5 18. b3 Rfd8 19. Ba3 Qxa5 20. Qc2 Qb6 21. Nf3 Nf4 22. Nd5 Nxd5 23. exd5 Na5 24. Nxe5 Re8 25. Nxd7 {1-0 (25) Praggnanandhaa,R (2608)-Sindarov,J (2557) Chess.com INT 2020}) 13. dxe5 dxe5 14. Qc2 f5 15. b4 Qf6 16. Ba3 Rd8 17. Rad1 f4 18. Nb3 Bf8 19. Rxd8 Nxd8 20. Qd3 Bd6 21. Nc5 Qe7 22. Bb3 Nf6 23. Rd1 Nc6 24. Bd5 Bxc5 25. bxc5 Nxd5 26. exd5 e4 27. Qd2 exf3 28. dxc6 bxc6 29. Qxf4 Kh7 30. Bc1 g5 31. Qxf3 Be6 32. Qe4+ Kg7 33. Be3 Re8 34. Bd4+ Kf8 35. Qg6 Qf7 36. Qxh6+ Ke7 37. Be3 Bd5 38. c4 Qe6 39. Qxg5+ 1-0

[Event "45th FIDE Chess Olympiad Open"]
[Site "Budapest, Hungary"]
[Date "2024.09.13"]
[Round "3.166"]
[White "Isaakidis, Alexandros"]
[Black "Manon, Reja Neer"]
[Result "1/2-1/2"]
[WhiteElo "2155"]
[BlackElo "2417"]
[PlyCount "54"]
[EventDate "2024.??.??"]
[WhiteTeam "Cyprus"]
[BlackTeam "Bangladesh"]
[WhiteTeamCountry "CYP"]
[BlackTeamCountry "BAN"]
[WhiteClock "0:01:03"]
[BlackClock "0:00:35"]

1. e4 {ChessBase II} c6 2. d3 d5 3. Nd2 g6 4. Ngf3 Bg7 5. g3 e5 6. Bg2 Ne7 7. O-O O-O 8. Re1 Qc7 9. c3 Re8 $146 ({RR} 9... Nd7 10. Qc2 f5 11. b3 dxe4 12. dxe4 Nf6 13. Bb2 f4 14. c4 Nh5 15. c5 Bg4 16. h3 Bxf3 17. Nxf3 fxg3 18. fxg3 h6 19. Kh2 Rf7 20. Nd2 Raf8 21. Rf1 Bf6 22. Nc4 Nc8 23. Rf3 b5 24. cxb6 {Gufeld,E-Lazarev,E Sverdlovsk 1963 EXT 2003 [ChessBase II] 1-0 (39)}) ({RR} 9... a5 10. b3 b6 11. Qc2 Rd8 12. Bb2 Ba6 13. d4 Nd7 14. a3 Rac8 15. Bh3 exd4 16. cxd4 c5 17. e5 Nf8 18. Bxc8 Rxc8 19. dxc5 bxc5 20. e6 Nxe6 21. Bxg7 Kxg7 22. b4 c4 23. Qc3+ Kg8 24. Qf6 {Oll,L (2620)-Wells,P (2475) Antwerp 1996 1-0 (38)}) ({RR} 9... h6 10. d4 Rd8 11. Nxe5 dxe4 12. Bxe4 Be6 13. Nd3 Nd7 14. Bg2 Nd5 15. Ne4 N7f6 16. Nxf6+ Nxf6 17. Bf4 Qb6 18. Qc1 h5 19. Nc5 Bf5 20. a4 a5 21. Ra3 Qa7 22. Bg5 Re8 23. Ra1 b6 24. Nb3 {Akhmedov,D (2244)-Yurasova,D (2005) Ershovo RUS 2024 1-0 (67)}) ({RR} 9... f5 10. Qe2 Nd7 11. Ng5 Qd6 12. exd5 cxd5 13. f4 e4 14. dxe4 dxe4 15. Ndxe4 fxe4 16. Qxe4 Nf5 17. Qd5+ Kh8 18. Qxd6 Nxd6 19. Be3 Nf5 20. Bf2 Nf6 21. Bc5 Bd7 22. Bxf8 Bxf8 23. Nf7+ Kg7 24. Ne5 {Robatsch,K-Donner,J Halle/Saale 1963 1-0 (79)}) ({RR} 9... dxe4 10. dxe4 h6 11. a4 Be6 12. Bf1 Rd8 13. Qc2 Nd7 14. Nc4 b5 15. axb5 cxb5 16. Ne3 Qb7 17. b4 a6 18. Nd2 Rac8 19. Nb3 Nc6 20. Qb1 Ne7 21. Rd1 Bf8 22. Bd2 Qb6 23. Bg2 Kh7 24. Nd5 {Wexler,B-Filip,M Buenos Aires 1964 0-1 (44)}) 10. d4 exd4 11. Nxd4 c5 12. Nb5 Qd7 13. a4 a6 14. Na3 d4 15. cxd4 Qxd4 16. Ndc4 b5 17. e5 Qxd1 18. Rxd1 Ra7 19. Nd6 Rd8 20. axb5 axb5 21. Be3 Bxe5 22. Ndxb5 Rxd1+ 23. Rxd1 Rd7 24. Rxd7 Nxd7 25. Nc4 Bb8 26. Bh3 Ne5 27. Nxe5 Bxh3 1/2-1/2

[Event "45th FIDE Chess Olympiad Open"]
[Site "Budapest, Hungary"]
[Date "2024.09.13"]
[Round "3.167"]
[White "Hossain, Enamul"]
[Black "Savva, Panikos"]
[Result "1-0"]
[WhiteElo "2354"]
[BlackElo "1973"]
[PlyCount "73"]
[EventDate "2024.??.??"]
[WhiteTeam "Bangladesh"]
[BlackTeam "Cyprus"]
[WhiteTeamCountry "BAN"]
[BlackTeamCountry "CYP"]
[WhiteClock "0:07:21"]
[BlackClock "0:01:00"]

1. e4 c5 2. Nf3 e6 3. d4 cxd4 4. Nxd4 Nc6 5. Nc3 Qc7 6. Be3 a6 7. Qf3 Nf6 8. O-O-O Ne5 9. Qg3 d6 ({RR} 9... h5 10. Ndb5 axb5 11. Nxb5 Qb8 12. Bb6 Nxe4 13. Qe3 Rxa2 14. Kb1 Ra4 15. Nc7+ Ke7 16. Rd4 Rxd4 17. Qxd4 f6 18. Qxe4 d5 19. Qe1 Kf7 20. f4 Bd6 21. Nb5 Nc6 22. g3 Bd7 23. Qd2 h4 24. Bg2 {Firouzja,A (2777)-Carlsen,M (2835) chess.com INT 2023 0-1 (65)}) 10. f4 Ng6 11. Be2 ({RR} 11. h4 h5 12. Nxe6 Bxe6 13. f5 O-O-O 14. fxe6 fxe6 15. Qxg6 d5 16. exd5 exd5 17. Qf5+ Kb8 18. Be2 Bb4 19. Nxd5 Nxd5 20. Rxd5 Rde8 21. Bf4 {1-0 (21) Pasti,A (2382)-Zampronha,W (2119) chess.com INT 2024}) 11... Bd7 $146 ({RR} 11... b5 12. Bf3 Rb8 13. Rhe1 Bd7 14. e5 dxe5 15. fxe5 b4 16. Ne4 Nxe4 17. Bxe4 Bc5 18. Bxg6 hxg6 19. Nb3 Be7 20. Bg5 Bf8 21. Rd2 a5 22. Red1 Rc8 23. Qd3 Rh5 24. h4 Rxg5 25. hxg5 Rd8 26. Qd4 {Oro,L (2255)-Santos,J (2361) Chess.com INT 2022 0-1 (35)}) 12. Qf2 h5 13. h3 h4 14. g4 hxg3 15. Qxg3 O-O-O 16. h4 Ne7 17. Qf2 Kb8 18. Nb3 Nc8 19. h5 Bc6 20. Bf3 Be7 21. Kb1 d5 22. exd5 Nxd5 23. Nxd5 Bxd5 24. Bxd5 Rxd5 25. Rxd5 exd5 26. Qg2 Bf6 27. Qxd5 Nb6 28. Bxb6 Qxb6 29. Qxf7 Qb5 30. a3 Qf5 31. h6 Rc8 32. Na1 Qe4 33. Rd1 Qe2 34. Rc1 Qb5 35. Nb3 Qe8 36. Qxe8 Rxe8 37. h7 1-0

[Event "45th FIDE Chess Olympiad Open"]
[Site "Budapest, Hungary"]
[Date "2024.09.13"]
[Round "3.168"]
[White "Kefalas, Loukas"]
[Black "Zia, Tahsin Tajwar"]
[Result "0-1"]
[WhiteElo "1912"]
[BlackElo "2255"]
[PlyCount "54"]
[EventDate "2024.??.??"]
[WhiteTeam "Cyprus"]
[BlackTeam "Bangladesh"]
[WhiteTeamCountry "CYP"]
[BlackTeamCountry "BAN"]
[WhiteClock "0:00:42"]
[BlackClock "0:16:48"]

1. c4 c5 2. Nf3 Nf6 3. g3 Nc6 4. Bg2 d5 5. cxd5 Nxd5 6. Nc3 Nc7 7. O-O e5 8. d3 Be7 9. a3 O-O 10. Nd2 ({RR} 10. Be3 f6 11. Rc1 Nd4 12. Nd2 Rb8 13. a4 Nf5 14. Nc4 Nxe3 15. fxe3 Be6 16. Nb5 a6 17. Nxc7 Qxc7 18. a5 Bxc4 19. dxc4 f5 20. Bd5+ Kh8 21. Ra1 e4 22. Kg2 Rf6 23. Ra3 Bd6 24. Rb3 Be7 {Kuzubov,Y (2606)-Zherebukh,Y (2420) Moscow 2008 ½-½}) 10... Be6 11. Nc4 f6 12. f4 $146 ({RR} 12. Be3 Qd7 13. Qa4 Rab8 14. Qd1 b5 15. Nd2 Nd4 16. Kh1 f5 17. f4 b4 18. axb4 cxb4 19. Ncb1 Nd5 20. Bxd4 exd4 21. Nc4 b3 22. Nbd2 Ne3 23. Nxe3 dxe3 24. Nc4 Qd4 25. Rb1 Rfc8 26. Ra1 Rd8 {Tunka,P-Eilers,L Hildesheim 1996 ½-½ (35)}) ({RR} 12. Rb1 Rb8 13. a4 Qd7 14. Nb5 Nd5 15. Bd2 Rfe8 16. Qc1 Bf8 17. Ne3 Nd4 18. Nxd4 exd4 19. Nxd5 Bxd5 20. Bxd5+ Qxd5 21. e4 dxe3 22. Bxe3 Qxd3 23. Rd1 Qb3 24. Rd7 Qxa4 25. Qd2 Qc6 26. Rd1 Re7 {Gutkin,I (2285)-Kozak,A (2434) chess.com INT 2024 0-1 (48)}) ({RR} 12. b4 cxb4 13. axb4 Bxb4 14. Bb2 Nd5 15. Ne4 b5 16. Ne3 f5 17. Nd2 Qd7 18. Rc1 Rac8 19. Nf3 Qd6 20. Ng5 Nxe3 21. fxe3 Bd5 22. e4 fxe4 23. Rxf8+ Rxf8 24. dxe4 Bc4 25. Qc2 Bd2 26. Nf3 Bxc1 {Postny,E (2600)-Perrine,D (2247) Chess.com INT 2020 1-0 (38)}) 12... exf4 13. Bxf4 Nd5 14. Nxd5 Bxd5 15. Bh3 b5 16. Ne3 Bf7 17. Nf5 Nd4 18. Nxe7+ Qxe7 19. Rf2 Rad8 20. Qf1 Rfe8 21. Re1 c4 22. e4 Nb3 23. dxc4 Bxc4 24. Qg2 Nc5 25. Rd2 Nd3 26. Re3 Qc5 27. Kh1 Nxf4 0-1

[Event "45th FIDE Chess Olympiad Open"]
[Site "Budapest, Hungary"]
[Date "2024.09.13"]
[Round "3.169"]
[White "Allam, Mohamed"]
[Black "Ziska, Helgi Dam"]
[Result "0-1"]
[WhiteElo "2053"]
[BlackElo "2553"]
[PlyCount "102"]
[EventDate "2024.??.??"]
[WhiteTeam "Palestine"]
[BlackTeam "Faroe Islands"]
[WhiteTeamCountry "PLE"]
[BlackTeamCountry "FAI"]
[WhiteClock "0:23:52"]
[BlackClock "0:30:10"]

1. e4 c5 2. Nf3 d6 3. d4 cxd4 4. Nxd4 Nf6 5. Nc3 a6 6. Rg1 h6 7. g4 g5 8. Be3 Rg8 9. h4 e6 10. hxg5 hxg5 11. Qd2 Nfd7 12. Rh1 Ne5 13. Be2 Be7 14. a4 Nbd7 15. f3 Ng6 16. a5 Nge5 $146 ({RR} 16... Nf4 17. Bf1 Bf6 18. Kf2 Be5 19. Nce2 Qf6 20. Rd1 Nf8 21. Bxf4 gxf4 22. Qb4 Ng6 23. c3 Kf8 24. Nb3 Kg7 25. Nbc1 Bd7 26. Nd3 Bb5 27. Nxe5 dxe5 28. c4 Rh8 29. Bg2 Bc6 30. Nc3 Rad8 31. Rxh8 {Pridorozhni,A (2396)-Senff,M (2354) Yerevan 2000 0-1 (42)}) 17. Rh5 b5 18. axb6 Nxb6 19. b3 Bb7 20. Na4 Nxa4 21. Rxa4 d5 22. exd5 Bxd5 23. Kf2 Bb7 24. c3 Nd7 25. Qa2 Nf6 26. Rh3 Nd5 27. Bxa6 Nxc3 28. Qc2 Bxa6 29. Qxc3 Rc8 30. Qa5 Qxa5 31. Rxa5 Bb7 32. Rh1 Bd5 33. Rd1 Rh8 34. Kg2 Rc3 35. Bf2 Bf6 36. Be1 Bxd4 37. Bxc3 Bxc3 38. Rdxd5 exd5 39. Rxd5 Bf6 40. Rf5 Be7 41. f4 f6 42. b4 Rh4 43. Kg3 Rh1 44. b5 Rg1+ 45. Kf3 Rf1+ 46. Ke4 Rb1 47. Kf3 Rb3+ 48. Ke4 Rb4+ 49. Kf3 gxf4 50. Rxf4 Rxb5 51. Kg2 Rb4 0-1

[Event "45th FIDE Chess Olympiad Open"]
[Site "Budapest, Hungary"]
[Date "2024.09.13"]
[Round "3.170"]
[White "Nielsen, Hogni Egilstoft"]
[Black "Seder, Mohammed"]
[Result "1-0"]
[WhiteElo "2379"]
[BlackElo "2116"]
[PlyCount "65"]
[EventDate "2024.??.??"]
[WhiteTeam "Faroe Islands"]
[BlackTeam "Palestine"]
[WhiteTeamCountry "FAI"]
[BlackTeamCountry "PLE"]
[WhiteClock "0:03:08"]
[BlackClock "0:01:13"]

1. e4 e6 2. Nf3 d5 3. Nc3 Nf6 4. e5 Nfd7 5. d4 c5 6. dxc5 Nc6 7. Bf4 Bxc5 8. Bd3 a6 9. O-O Nd4 ({RR} 9... Ba7 10. Qe2 Nc5 11. a3 Bd7 12. Rad1 h6 13. b4 Nxd3 14. Rxd3 Rc8 15. Rfd1 Ne7 16. Qd2 Rc4 17. Nd4 Qc8 18. Nce2 Ba4 19. Rc1 Ng6 20. c3 Bb5 21. Rg3 Rc7 22. Nxb5 axb5 23. Be3 Qa8 24. Bxa7 {Rubery,M (2290)-Volkov,S (2605) Elista 1998 0-1}) ({RR} 9... O-O 10. Bxh7+ Kxh7 11. Ng5+ Kg6 12. Qd3+ f5 13. Qg3 Qe7 14. Nxe6+ Kf7 15. Nxf8 Nxf8 16. Nxd5 Qd8 17. Rad1 Nd4 18. Nc3 Qb6 19. Qd3 Nfe6 20. Be3 f4 21. Bxd4 Bxd4 22. Qf5+ Ke7 23. Nd5+ {1-0 (23) Pavlov,J-Gruenwald,B (1174) St Veit 2022}) 10. Re1 b6 11. Nxd4 $146 ({RR} 11. Ng5 g6 12. Qg4 Be7 13. Rad1 Nc6 14. Qg3 Bb7 15. a3 Bxg5 16. Bxg5 Qb8 {1-0 (16) Valcarcel,V (1856)-Kojima,R (1513) Florianopolis 2020}) 11... Bxd4 12. Qg4 Kf8 13. Bg5 f6 14. exf6 Bxf6 15. Qxe6 Bxg5 16. Qxd5 Ra7 17. Ne4 Bh4 18. Re3 Bb7 19. Qd6+ Be7 20. Qf4+ Nf6 21. Nxf6 Bxf6 22. Rae1 g5 23. Re8+ Kg7 24. Rxd8 gxf4 25. Rd7+ Kh6 26. Re6 Rf8 27. Rxh7+ Kg5 28. f3 Bxf3 29. h4+ Kg4 30. gxf3+ Kxf3 31. Rxa7 Bxb2 32. Be2+ Kg3 33. Rg6+ 1-0